000 00661nam a2200217 i 4500
001 30157
003 ES-MaACL
005 20250819001159.0
007 t|
008 030123s1968 sp ||||1| spa d
100 1 _aBarsotti, Divo.
_926094
245 1 0 _aEspiritualidad del Exodo /
_cDivo Barsotti ; [tradujo Luis Bittini].
260 _aSalamanca :
_bSígueme,
_c1968.
300 _a299 p. ;
_c19 cm.
490 1 _aEstela ;
_v32
630 0 7 _aBiblia.
_pA. T.
_pÉxodo-
_xCrítica e interpretación
_2
_9167049
700 1 _aBittini, Luis.
_929031
830 0 _aEstela ;
_v32
_9181322
852 _aES-MaACL
_jC-51410
_bR.65971
999 _c30157
_d30157